| 000 | 00353nam a22001457a 4500 | ||
|---|---|---|---|
| 999 |
_c145009 _d145009 |
||
| 082 |
_aM301 _bKUM/S |
||
| 100 | _aKumaran V S | ||
| 245 |
_aShahjahanabadile Vaidyan/ _cby Kumaran V S |
||
| 260 |
_aDelhi: _bKumaran V S, _c1996. |
||
| 300 | _a99p. | ||
| 650 | _aStories Malayalam | ||
| 650 | _aLiterature Malayalam | ||
| 650 | _aLiterature | ||
| 942 | _cBK | ||